000 00532nam a2200217Ia 4500
003 OSt
005 20220924134535.0
006 a|||||r|||| 00| 0
007 ta
008 220923b |||||||| |||| 00| 0 snd d
024 _a276272
037 _cTextual
040 _aARTS
_cARTS
_bsnd
041 _2snd
_asnd
082 _aO1593,1NISx, L4
100 _aAnchal Ishwar
_9208647
245 0 _aKhaak Lapa
260 _c1974
942 _hO1593,1NISx, L4
_cTEXL
_2CC
999 _c437709
_d437709